India's trade boycott of South Africa (Record no. 69492)
[ view plain ]
| 000 -LEADER | |
|---|---|
| fixed length control field | 00708cam a22002411 4500 |
| 001 - CONTROL NUMBER | |
| control field | sa 66004557 |
| 003 - CONTROL NUMBER IDENTIFIER | |
| control field | DLC |
| 005 - DATE AND TIME OF LATEST TRANSACTION | |
| control field | 20260227112243.0 |
| 008 - FIXED-LENGTH DATA ELEMENTS--GENERAL INFORMATION | |
| fixed length control field | 861119s1964 ii 000 0 eng |
| 010 ## - LIBRARY OF CONGRESS CONTROL NUMBER | |
| LC control number | sa 66004557 |
| 025 ## - OVERSEAS ACQUISITION NUMBER | |
| Overseas acquisition number | PL480:I-E-5628 |
| 035 ## - SYSTEM CONTROL NUMBER | |
| System control number | (OCoLC)14766749 |
| 040 ## - CATALOGING SOURCE | |
| Original cataloging agency | DLC |
| Transcribing agency | WaU |
| Modifying agency | WaU |
| -- | DLC |
| 042 ## - AUTHENTICATION CODE | |
| Authentication code | premarc |
| 050 00 - LIBRARY OF CONGRESS CALL NUMBER | |
| Classification number | HF3788.S6 |
| Item number | R3 |
| 100 1# - MAIN ENTRY--PERSONAL NAME | |
| Personal name | Raj, K. N. |
| Fuller form of name | (Kakkadan Nandanath), |
| Dates associated with a name | 1924-2010. |
| 245 10 - TITLE STATEMENT | |
| Title | India's trade boycott of South Africa |
| Statement of responsibility, etc. | [by K.N. Raj. |
| 260 ## - PUBLICATION, DISTRIBUTION, ETC. | |
| Place of publication, distribution, etc. | New Delhi, |
| Name of publisher, distributor, etc. | Information Service of India, |
| Date of publication, distribution, etc. | 1964] |
| 300 ## - PHYSICAL DESCRIPTION | |
| Extent | 10 p. |
| Dimensions | 21 cm. |
| 500 ## - GENERAL NOTE | |
| General note | Cover title. |
| 651 #0 - SUBJECT ADDED ENTRY--GEOGRAPHIC NAME | |
| Geographic name | India |
| General subdivision | Commerce |
| Geographic subdivision | South Africa. |
| 651 #0 - SUBJECT ADDED ENTRY--GEOGRAPHIC NAME | |
| Geographic name | South Africa |
| General subdivision | Commerce |
| Geographic subdivision | India. |
No items available.